000 01735nam a2200265Ia 4500
999 _c52932
_d52932
001 19962
003 GE_BSU
005 20190625203634.0
008 181216s1962||||ge |||||||||||||| ||geo||
040 _cGE_BSU
041 _ageo
080 _a81'374.3=353.1
245 _aქართული ენის განმარტებითი ლექსიკონი. ტ . 7 : ფ, ქ, ღ, ყ, შ /
_cმთ. რედ : გ. ახვლედიანი ; [და სხვ.]. არნ. ჩიქობავას საერთო რედაქციით ; რედ : ქ. ლომთათიძე, სტ. მენთეშაშვილი ; პ. გაჩეჩილაძე.
264 _aთბილისი :
_bსაქ. სსრ მეცნ. აკადემიიის გამ-ბა,
_c1962.
300 _a1480 გვ.:
_c28 სმ.
546 _aპარალ. თავფ. რუს.ენაზე
653 _aქართული ენის განმარტებითი ლექსიკონი. ტ . 7 : ფ, ქ, ღ, ყ, შ
700 _aახვლედიანი, გ [და სხვ.]
_eმთავარი რედაქცია
_92910
700 _aჩიქობავა, არნოლდის
_eსაერთო რედაქციით
_92907
700 _aლომთათიძე, ქ
_eრედაქტორი
_92924
700 _aმენთეშაშვილი, სტ
_eრედაქტორი
_92925
700 _aგაჩეჩილაძე, პ
_eრედაქტორი
_92926
710 _aსაქ. სსრ მეცნ. აკადემია
_92927
942 _cBK
_2udc